Sports Quiz

Random Sports or NHL Quiz

2012-13 NHL Top 60 Fantasy Defenseman Quiz Stats

 Plays Quiz not verified by Sporcle

Challenge
Share
Tweet
Embed
Score 0/60 Timer 11:00
0 Plays Today
Team Player % Correct
BOSZdeno Chara
99.5%
NSHShea Weber
99%
OTTErik Karlsson
97.9%
PITKris Letang
97.9%
MINRyan Suter
97.4%
MTLPK Subban
96.9%
TORDion Phaneuf
96.4%
SJSDan Boyle
95.3%
WPGDustin Byfuglien
93.8%
CHIDuncan Keith
93.2%
LAKDrew Doughty
92.7%
VANAlexander Edler
90.6%
CHIBrent Seabrook
90.6%
PHXKeith Yandle
90.1%
STLAlex Pietrangelo
89.6%
FLABrian Campbell
89.6%
NYIMark Streit
88.5%
DETNiklas Kronwall
87.5%
CBJJack Johnson
84.9%
COLErik Johnson
84.9%
PHIKimmo Timonen
81.8%
WSHMike Green
81.8%
NYRMichael Del Zotto
81.3%
STLKevin Shattenkirk
81.3%
NYRDan Girardi
80.2%
WPGTobias Enstrom
79.2%
SJSBrent Burns
76.6%
VANKevin Bieksa
76.6%
ANACam Fowler
75.5%
BUFChristian Ehrhoff
74.5%
Team Player % Correct
BUFTyler Myers
74%
MTLAndrei Markov
72.9%
OTTSergei Gonchar
71.4%
CGYMark Giordano
67.7%
NYILubomir Visnovsky
67.2%
PHXOliver Ekman-Larsson
65.6%
EDMRyan Whitney
64.6%
VANDan Hamhuis
64.6%
NYRRyan McDonagh
62.5%
CBJJames Wisniewski
62%
CGYDennis Wideman
62%
EDMJustin Schultz
62%
DALAlex Goligoski
58.3%
WSHJohn Carlson
54.7%
CARJoni Pitkanen
52.6%
ANASheldon Souray
52.6%
VANJason Garrison
50%
WPGZach Bogosian
49.5%
TBLMatt Carle
49%
LAKSlava Voynov
48.4%
NJDMarek Zidlicky
46.9%
DETIan White
45.8%
CHINick Leddy
44.8%
FLADmitry Kulikov
43.8%
CARJustin Faulk
38.5%
TORJohn-Michael Liles
37.5%
DETBrendan Smith
37%
NSHRyan Ellis
32.3%
MINJared Spurgeon
20.8%
CBJNikita Nikitin
20.3%

You're not logged in!

Compare scores with friends on all Sporcle quizzes.
OR
Log In

You Might Also Like...

Show Comments

Extras

Top Quizzes Today


Score Distribution

Your Account Isn't Verified!

In order to create a playlist on Sporcle, you need to verify the email address you used during registration. Go to your Sporcle Settings to finish the process.

Report this User

Report this user for behavior that violates our Community Guidelines.

Details: